Phân tích dao động máy

Gespeichert in:
Bibliographische Detailangaben
1. Verfasser: Nguyễn, Hải
Format: Buch
Sprache:Undetermined
Veröffentlicht: Hà Nội Khoa học và Kỹ thuật 2002
Schlagworte:
Tags: Tag hinzufügen
Keine Tags, Fügen Sie den ersten Tag hinzu!
Thư viện lưu trữ: Trung tâm Học liệu Trường Đại học Cần Thơ
LEADER 00519nam a2200193Ia 4500
001 CTU_75971
008 210402s9999 xx 000 0 und d
020 |c 35000 
082 |a 620.1 
082 |b H103 
100 |a Nguyễn, Hải 
245 0 |a Phân tích dao động máy 
245 0 |c Nguyễn Hải 
260 |a Hà Nội 
260 |b Khoa học và Kỹ thuật 
260 |c 2002 
650 |a Oscillations 
904 |i Minh,Hải 
980 |a Trung tâm Học liệu Trường Đại học Cần Thơ